| 000 | 01138nam a22003137a 4500 | ||
|---|---|---|---|
| 001 | 6251 | ||
| 003 | FISKH | ||
| 005 | 20250407091037.0 | ||
| 008 | 250407b cb ||||| |||| 00| 0 eng d | ||
| 020 | _a9780545261265 | ||
| 040 |
_aDLC _cDLC _dDLC _dDLC _beng |
||
| 050 | _a PZ7.R25423 W | ||
| 082 | _a813.6 | ||
| 100 | 1 |
_aReedy, Trent _d(1979-) |
|
| 245 | 1 | 0 |
_aWords in the dust / _cTrent Reedy. |
| 250 | _aThis edition first published in 2013 | ||
| 260 |
_aNew York : _bScholastic, _c2011. |
||
| 300 |
_a266 pages : _c20 cm |
||
| 505 | _aR | ||
| 520 | _aZulaikha, a thirteen-year-old girl in Afghanistan, faces a series of frightening but exhilarating changes in her life as she defies her father and secretly meets with an old woman who teaches her to read, her older sister gets married, and American troops offer her surgery to fix her disfiguring cleft lip. | ||
| 521 | 8 |
_a670
_bLexile |
|
| 521 | 8 |
_aR
_bRaz-Plus |
|
| 650 | 1 |
_aFamily life _vFiction. |
|
| 650 | 1 |
_aCleft lip _vFiction. |
|
| 650 | 1 |
_aSex role _vFiction. |
|
| 906 |
_a7 _bcbc _corignew _d1 _eecip _f20 _gy-gencatlg |
||
| 942 |
_2ddc _cBK _n0 |
||
| 999 |
_c6251 _d6251 |
||